Светата троица човек (Запис номер 390553)
[ съкратено ]
| 000 -Лидер | |
|---|---|
| Контролно поле с фиксирана дължина | nam a22 a 4500 |
| 003 - Код на организацията, давaща контролен номер | |
| Контролно поле | BLK |
| 005 - Дата и час на последна редакция | |
| Контролно поле | 20220224101639.0 |
| 008 - Елементи от данни с фиксирана дължина | |
| fixed length control field | 190717b bu |||||r|||| 00| | bu d |
| 020 ## - Международен стандартен номер на книга ISBN | |
| Международен стандартен номер на книга ISBN | 9786197520422 |
| 040 ## - Източник на каталожния запис | |
| Идентификатор на билиотеката - собственик на записа | BLK |
| 041 ## - Код за език | |
| Код за езика на текст/звукозапис или на отделно заглавие | Български |
| Код за езика КДБФ | Български |
| 072 ## - Код за тематичната категория | |
| 9 (RLIN) | 178370 |
| Код за тематична категория | Я |
| Текст | Автографи |
| 080 ## - УДК | |
| Текстов определител УДК | Българска литература |
| УДК код - определител по УДК | 821.163.2 |
| УДК определител | -1 |
| УДК - код + определител | 821.163.2-1 |
| 100 1# - Редна дума - Автор | |
| R(LIN) | 39093 |
| Автор | Билчев, Тодор Билчев |
| Авторска отговорност | първи автор |
| 139 ## - Редно поле | |
| Редна дума | Билчев, Тодор Билчев |
| Авторски знак | Би - Б 44 |
| 245 ## - Сведения за заглавието | |
| Заглавие | Светата троица човек |
| Редно поле (дума) | Тодор Билчев; послесл. Габриела Цанева. |
| 257 ## - Страна на издаване | |
| Страна на създаване/издаване | България |
| 260 ## - Област на издателските данни | |
| Място на издаване, разпространение и проч. | София |
| Име на издателя, разпространителя и проч. | Gabriell-e-lit |
| Година на издаване | 2020 |
| 9 (RLIN) | 394253 |
| Печатница | София : Zape4at.com |
| 300 ## - Физическа характеристика | |
| Страници | 75 с. |
| Размери/Мащаб | 20 см |
| 380 ## - Жанр | |
| Жанр | Худож. лит. |
| 500 ## - Общи забележки | |
| Забележка | Автограф: На Русенската Библиотека - още една моя тухличка в солидната стена на нейния стар и мъдър духовен замък. 28.07.2020, Русе, Т. Билчев. - Творческа биография: с. 69-70. - Божественото в същността на поета / Габриела Цанева: с. 71-72. |
| 659 #7 - Тематичен бюлетин | |
| 9 (RLIN) | 178167 |
| Тематичен бюлетин | Я |
| Тематичен бюлетин - текст | Автографи |
| 700 ## - Други автори (авторска отговорност) | |
| 9 (RLIN) | 958 |
| Лично име | Цанева, Габриела Цанева |
| Автороска отговорност (Описва отношението между автора и произведението) | послесл. |
| 852 ## - Местоположение | |
| Форматна сигнатура | Цб 307100 |
| Фондова буква | Хранилище |
| 852 ## - Местоположение | |
| Форматна сигнатура | К 821.163.2-1/Б 44 Т |
| Фондова буква | Хранилище |
| 852 ## - Местоположение | |
| Фондова буква | Краезнание |
| Систематично-азбучна сигнатура | 821.163.2-1/Б 44 Т |
| 999 ## - СИСТЕМНИ КОНТРОЛНИ НОМЕРА | |
| Koha biblionumber | 390553 |
| Koha biblioitemnumber | 390553 |
| 942 ## - АРТИКУЛИ | |
| Вид на библиотечния материал | Книги |
| Скрит в OPAC | Не |
| Периодичен библиозапис | Да |
| 944 ## - СЪЗДАВАНЕ И РЕДАКЦИЯ на ЗАПИСА | |
| Създаване/Редакция | Създаване |
| Дата на регистрацията/редакция | 2019-07-17 |
| Служител, извършил регистрацията/редакцията | ТД |
| Статус, дата на статуса | 2020-10-23 |
| 944 ## - СЪЗДАВАНЕ И РЕДАКЦИЯ на ЗАПИСА | |
| Създаване/Редакция | Редакция |
| Дата на регистрацията/редакция | 2021-03-10 |
| Служител, извършил регистрацията/редакцията | ДГ |
| Статус, дата на статуса | 2021-03-10 |
| 999 ## - СИСТЕМНИ КОНТРОЛНИ НОМЕРА | |
| Koha biblioitemnumber | 390553 |
| 999 ## - СИСТЕМНИ КОНТРОЛНИ НОМЕРА | |
| Koha biblioitemnumber | 390553 |
| Код за отписване | Код за изгубен артикул | Източник на класификационната схема | Код за повреда | Коз за рестрикции | Код за отдаване | Артикулен № | Име на библиотеката - собственик | Име на библиотеката, в която се намира в момента | Статус (Текущо местоположение) | Дата на вписване в системата | Местоположение - отдел | Цена в лева | Систематично азбучна сигнатура | Баркод | Цена в евро | Служебен тип на артикула | Инвентарен номер |
|---|---|---|---|---|---|---|---|---|---|---|---|---|---|---|---|---|---|
| Не е изгубен | Universal Decimal Classification | Не е повреден | само за читалня | ползва се в читалня | 815905 | Регионална библиотека "Любен Каравелов" Русе | Регионална библиотека "Любен Каравелов" Русе | Хранилище | 2021-03-10 | Хранилище | 8.00 | Цб 307100 | 120000853166 | 4.09 | Книги | ||
| Не е изгубен | Universal Decimal Classification | Не е повреден | само за читалня | ползва се в читалня | 815968 | Регионална библиотека "Любен Каравелов" Русе | Регионална библиотека "Любен Каравелов" Русе | Краезнание | 2021-03-13 | Краезнание | 8.00 | К 821.163.2-1/Б 44 Т | 120000853259 | 4.09 | Книги | 120000853259 |